书目信息 |
| 题名: |
五笔字型打字及排版速成
|
|
| 作者: | 陈云峰 , 王永民 著 | |
| 分册: | ||
| 出版信息: | 北京 气象出版社 2003.08 |
|
| 页数: | 174页 | |
| 开本: | 26cm | |
| 丛书名: | ||
| 单 册: | ||
| 中图分类: | TP391.14 | |
| 科图分类: | ||
| 主题词: | 文字处理系统--wen zi chu li xi tong--基本知识 , 汉字编码--han zi bian ma--输入--基本知识 | |
| 电子资源: | ||
| ISBN: | 7-5029-3607-6 | |
| 000 | 01000nam0 2200265 450 | |
| 001 | 0104000024 | |
| 005 | 20051124115123.1 | |
| 010 | @a7-5029-3607-6@dCNY20.00 | |
| 100 | @a20081201d2003 ekmy0chiy0120 ea | |
| 101 | 0 | @achi |
| 102 | @aCN@b110000 | |
| 105 | @aa z 000yy | |
| 106 | @ar | |
| 200 | 1 | @a五笔字型打字及排版速成@AWu Bi Zi Xing Da Zi Ji Pai Ban Su Cheng@f王永民, 陈云峰著@FWang Yong Min , Chen Yun Feng Zhu |
| 210 | @a北京@c气象出版社@d2003.08 | |
| 215 | @a174页@c图@d26cm | |
| 330 | @a本书主要针对欲从事电脑文字处理为职业的人员编写的, 第一部分为五笔字型, 第二部分为Word2000排版操作教程, 详细介绍了Word2000常用的操作方法, 以图配文, 边看书边操作, 很快就能学会。 | |
| 606 | 0 | @a文字处理系统@Awen zi chu li xi tong@x基本知识 |
| 606 | 0 | @a汉字编码@Ahan zi bian ma@x输入@x基本知识 |
| 690 | @aTP391.14@v4 | |
| 701 | 0 | @a陈云峰@AChen Yun Feng@4著 |
| 701 | 0 | @a王永民@AWang Yong Min@4著 |
| 801 | 0 | @aCN@bHTDF@c20081201 |
| 905 | @aBZT@dTP391.14@e10@f10 | |
| 906 | @dCNY20.00@n0@r1 | |
| 五笔字型打字及排版速成/王永民, 陈云峰著.-北京:气象出版社,2003.08 |
| 174页:图;26cm |
| ISBN 7-5029-3607-6:CNY20.00 |
| 本书主要针对欲从事电脑文字处理为职业的人员编写的, 第一部分为五笔字型, 第二部分为Word2000排版操作教程, 详细介绍了Word2000常用的操作方法, 以图配文, 边看书边操作, 很快就能学会。 |
| ● |
| 相关链接 |
|
|
|
正题名:五笔字型打字及排版速成
索取号:TP391.14/10
 
预约/预借
| 序号 | 登录号 | 条形码 | 馆藏地/架位号 | 状态 | 备注 |
| 1 | 698362 | 2000698362 | 中心书库中库/ 中库027架A面8列7层38/ [索取号:TP391.14/10] | 在馆 | |
| 2 | 698363 | 2000698363 | 中心书库中库/ 中库027架A面8列7层37/ [索取号:TP391.14/10] | 在馆 | |
| 3 | 698364 | 2000698364 | 中心书库中库/ 中库027架A面8列7层44/ [索取号:TP391.14/10] | 在馆 | |
| 4 | 698365 | 2000698365 | 中心书库中库/ 中库027架A面8列7层43/ [索取号:TP391.14/10] | 在馆 | |
| 5 | 698366 | 2000698366 | 中心书库中库/ 中库027架A面8列7层39/ [索取号:TP391.14/10] | 在馆 | |
| 6 | 698367 | 2000698367 | 中心书库中库/ 中库027架A面8列7层36/ [索取号:TP391.14/10] | 在馆 | |
| 7 | 698368 | 2000698368 | 中心书库中库/ 中库027架A面8列7层45/ [索取号:TP391.14/10] | 在馆 | |
| 8 | 698369 | 2000698369 | 中心书库中库/ 中库027架A面8列7层42/ [索取号:TP391.14/10] | 在馆 | |
| 9 | 698370 | 2000698370 | 中心书库中库/ 中库027架A面8列7层40/ [索取号:TP391.14/10] | 在馆 | |
| 10 | 698371 | 2000698371 | 中心书库中库/ 中库027架A面8列7层41/ [索取号:TP391.14/10] | 在馆 |